<?xml version="1.0" encoding="UTF-8"?>
<record
    xmlns:xsi="http://www.w3.org/2001/XMLSchema-instance"
    xsi:schemaLocation="http://www.loc.gov/MARC21/slim http://www.loc.gov/standards/marcxml/schema/MARC21slim.xsd"
    xmlns="http://www.loc.gov/MARC21/slim">

  <leader>01531nam a22003257a 4500</leader>
  <controlfield tag="005">20130717110120.0</controlfield>
  <controlfield tag="008">100514s2008    ck     gr     100 0 spa d</controlfield>
  <datafield tag="015" ind1=" " ind2=" ">
    <subfield code="a">ck-2008-xxxx</subfield>
  </datafield>
  <datafield tag="020" ind1=" " ind2=" ">
    <subfield code="a">9789587142143</subfield>
  </datafield>
  <datafield tag="041" ind1=" " ind2=" ">
    <subfield code="a">spa</subfield>
  </datafield>
  <datafield tag="043" ind1=" " ind2=" ">
    <subfield code="a">s-ck---</subfield>
  </datafield>
  <datafield tag="044" ind1=" " ind2=" ">
    <subfield code="a">ck</subfield>
  </datafield>
  <datafield tag="082" ind1="0" ind2="4">
    <subfield code="a">351.986126 </subfield>
    <subfield code="b">G98p</subfield>
  </datafield>
  <datafield tag="111" ind1="2" ind2=" ">
    <subfield code="a">Seminario Medio Ambiente y Sociedad </subfield>
    <subfield code="d">2006 : </subfield>
    <subfield code="c">Medell&#xED;n).</subfield>
    <subfield code="9">524</subfield>
  </datafield>
  <datafield tag="245" ind1="1" ind2="0">
    <subfield code="a">Planeaci&#xF3;n, ambiente y territorio : </subfield>
    <subfield code="b">actualidad, retos y perpectivas / </subfield>
    <subfield code="c">Seminario Medio Ambiente y Sociedad ; Ana Clara Torres Ribeiro ... [et al.].</subfield>
  </datafield>
  <datafield tag="250" ind1=" " ind2=" ">
    <subfield code="a">Editores Acad&#xE9;micos Alberto Le&#xF3;n Guti&#xE9;rrez Tamayo, Liliana Mar&#xED;a S&#xE1;nchez Mazo.</subfield>
  </datafield>
  <datafield tag="260" ind1="3" ind2=" ">
    <subfield code="a">Medell&#xED;n : </subfield>
    <subfield code="b">Universidad de Antioqu&#xED;a, </subfield>
    <subfield code="c">2008.</subfield>
  </datafield>
  <datafield tag="300" ind1=" " ind2=" ">
    <subfield code="a">126 p. ; </subfield>
    <subfield code="c">25 cm.</subfield>
  </datafield>
  <datafield tag="504" ind1=" " ind2=" ">
    <subfield code="a">Incluye referencias bibliogr&#xE1;ficas.</subfield>
  </datafield>
  <datafield tag="650" ind1=" " ind2="6">
    <subfield code="a">Planificaci&#xF3;n territorial</subfield>
    <subfield code="z"> Antioquia (Colombia)</subfield>
    <subfield code="v"> Congresos, conferencias, etc.</subfield>
    <subfield code="9">525</subfield>
  </datafield>
  <datafield tag="650" ind1=" " ind2=" ">
    <subfield code="a">Control ambiental</subfield>
    <subfield code="z"> Antioquia (Colombia)</subfield>
    <subfield code="v"> Congresos, conferencias, etc.</subfield>
    <subfield code="9">526</subfield>
  </datafield>
  <datafield tag="650" ind1=" " ind2="6">
    <subfield code="a">Gesti&#xF3;n ambiental</subfield>
    <subfield code="z"> Antioquia (Colombia)</subfield>
    <subfield code="v"> Congresos, conferencias, etc.</subfield>
    <subfield code="9">527</subfield>
  </datafield>
  <datafield tag="650" ind1=" " ind2="6">
    <subfield code="a">Medio ambiente</subfield>
    <subfield code="z"> Antioquia (Colombia)</subfield>
    <subfield code="v"> Congresos, conferencias, etc.</subfield>
    <subfield code="9">528</subfield>
  </datafield>
  <datafield tag="700" ind1="1" ind2=" ">
    <subfield code="a">Torres Ribeiro, Ana Clara.</subfield>
    <subfield code="9">529</subfield>
  </datafield>
  <datafield tag="700" ind1="1" ind2=" ">
    <subfield code="a">Guti&#xE9;rrez Tamayo, Alberto Le&#xE9;n, </subfield>
    <subfield code="e">ed.</subfield>
    <subfield code="9">530</subfield>
  </datafield>
  <datafield tag="700" ind1="1" ind2=" ">
    <subfield code="a">S&#xE1;nchez Mazo, Liliana Mar&#xED;a, </subfield>
    <subfield code="e">ed.</subfield>
    <subfield code="9">531</subfield>
  </datafield>
  <datafield tag="710" ind1="1" ind2=" ">
    <subfield code="a">Universidad de Antioquia. </subfield>
    <subfield code="b">Facultad de Ciencias Sociales y Humanas.</subfield>
    <subfield code="b">Grupo de Investigaci&#xF3;n Medio Ambiente y Sociedad.</subfield>
    <subfield code="9">532</subfield>
  </datafield>
  <datafield tag="942" ind1=" " ind2=" ">
    <subfield code="2">ddc</subfield>
    <subfield code="c">IMPRESO</subfield>
  </datafield>
  <datafield tag="949" ind1=" " ind2=" ">
    <subfield code="a">  </subfield>
  </datafield>
  <datafield tag="999" ind1=" " ind2=" ">
    <subfield code="c">7382</subfield>
    <subfield code="d">7382</subfield>
  </datafield>
  <datafield tag="952" ind1=" " ind2=" ">
    <subfield code="0">0</subfield>
    <subfield code="1">0</subfield>
    <subfield code="2">ddc</subfield>
    <subfield code="4">0</subfield>
    <subfield code="7">0</subfield>
    <subfield code="8">GENERAL</subfield>
    <subfield code="I">INV2017</subfield>
    <subfield code="a">Bogota</subfield>
    <subfield code="b">Bogota</subfield>
    <subfield code="d">2013-07-17</subfield>
    <subfield code="e">Instituto</subfield>
    <subfield code="g">39000.00</subfield>
    <subfield code="l">0</subfield>
    <subfield code="o">LB-351.986126  G98p</subfield>
    <subfield code="p">028675</subfield>
    <subfield code="r">2013-07-17 00:00:00</subfield>
    <subfield code="t">Ej. 1</subfield>
    <subfield code="w">2013-07-17</subfield>
    <subfield code="x">Donacion</subfield>
    <subfield code="y">LIBRO</subfield>
  </datafield>
  <datafield tag="952" ind1=" " ind2=" ">
    <subfield code="0">0</subfield>
    <subfield code="1">0</subfield>
    <subfield code="2">ddc</subfield>
    <subfield code="4">0</subfield>
    <subfield code="7">0</subfield>
    <subfield code="8">GENERAL</subfield>
    <subfield code="I">INV2017</subfield>
    <subfield code="a">Venado</subfield>
    <subfield code="b">Venado</subfield>
    <subfield code="d">2016-09-19</subfield>
    <subfield code="e">Instituto</subfield>
    <subfield code="g">39000.00</subfield>
    <subfield code="l">0</subfield>
    <subfield code="o">LB-351.986126 G98p</subfield>
    <subfield code="p">040705</subfield>
    <subfield code="r">2016-09-19 00:00:00</subfield>
    <subfield code="t">Ej. 2</subfield>
    <subfield code="w">2016-09-19</subfield>
    <subfield code="x">Donacion</subfield>
    <subfield code="y">LIBRO</subfield>
  </datafield>
</record>
